000 00336nam a22001457a 4500
020 _a8043-2000-01-0308
082 _a080
_bVAS/H
100 _aVASUDEVAN, P.S
245 _aHANDBOOK OF HEATH AND HYGIENE
250 _aFIRST EDITION
260 _aTRICHUR
_bH & C BOOKS
_c2008
300 _a96
650 _aHEALTHCARE
_zINDIA
942 _cBK
999 _c1415
_d1415